000 00477nam a22001697a 4500
005 20260224101754.0
008 260224b |||||||| |||| 00| 0 eng d
020 _a9780702046483 (pbk)
040 _cPK-LaUMT
082 _a617.601
_bSCU-S
100 _aScully, Crispian
_99459
245 _aScully's handbook of medical problems in dentistry /
_cby Crispian Scully
260 _aEdinburgh :
_bElsevier,
_c2016
300 _a469 p.
650 _aDentisty
_99460
942 _cBK
999 _c139873
_d139873